María, en una iglesia popular y misionera

Sparad:
Bibliografiska uppgifter
Huvudupphovsman: Alliende Luco, Joaquín (Författare, medförfattare)
Materialtyp: Bok
Språk:spanska
Publicerad: Santiago Editorial Salesiana 1971
Upplaga:1a. ed
Ämnen:
Taggar: Lägg till en tagg
Inga taggar, Lägg till första taggen!

MARC

LEADER 00000cam a2200000 a 4500
001 UCD9948
003 CL-VaPUC
008 170709e19710000cl |||||||||||||||||spa|d
082 0 4 |a 232.91  |b ALL  |2 21 
100 0 |a Alliende Luco, Joaquín  |e author  |9 593886 
245 1 0 |a María, en una iglesia popular y misionera 
250 |a 1a. ed 
300 |a 32 p 
942 |c BK 
945 |d 20170709 17:01:00  |a arojas 
260 |a Santiago  |b Editorial Salesiana  |c 1971 
650 0 |a Mariología   |9 365249 
650 7 |a CULTO MARIANO  |2 CL-VaPUC  |9 593887 
650 0 |a Vida religiosa  |9 257284 
583 |a last modification  |c 20170709 17:01:00  |k Rodrigo Vera 
999 |c 368957  |d 368955 
952 |0 0  |1 0  |3 erb  |4 0  |6 232_910000000000000_ALL_1971  |7 0  |8 X  |9 484464  |a FDOBUD  |b FDOBUD  |i 5407206  |o 232.91 ALL 1971  |p 5407206  |r 2019-11-24  |w 2019-11-24  |y BK_X  |z Catalogado en:20170709  |k BUD